000 00734cam a2200229 4500
001 D11422
008 #DATE n 000 0 eng u
035 _a(Sirsi) u124280
041 _aeng
050 _a331.2166
_c18
110 _aRoyal Institution of Chartered Surveyors
_94900
245 _aProfessional charges for building surveying services
260 _a[S.l.]
_bRICS
_c197?
490 _aRICS Fee Scales
520 _aInserted in back pocket of "Conditions of engagement for building surveying services" (D15238).
650 _aFEE SCALES
650 _aPROFESSIONAL FEES
650 _aPROFESSIONAL CHARGES
650 _aSURVEYORS' FEES
690 _aMANAGEMENT-BUSINESS MANAGEMENT-PROFESSIONAL PRACTICE
942 _n0
999 _c103191
_d103191